[Event "Oberliga Baden 2223"]
[Site "Germany"]
[Date "2023.03.19"]
[Round "8.2"]
[White "Schlosser, Philipp"]
[Black "Raupp, Thomas"]
[Result "1-0"]
[WhiteElo "2505"]
[BlackElo "2311"]
[PlyCount "74"]
[EventDate "2022.09.18"]
[EventType "team-tourn"]
[EventRounds "9"]
[EventCountry "GER"]
[SourceTitle "EXT 2024"]
[Source "ChessBase"]
[SourceDate "2023.10.10"]
[SourceVersion "1"]
[SourceVersionDate "2023.10.10"]
[SourceQuality "1"]
[WhiteTeam "Baden-Baden III"]
[BlackTeam "Untergrombach"]
[WhiteTeamCountry "GER"]
[BlackTeamCountry "GER"]

1. Nf3 d5 2. g3 g6 3. Bg2 Bg7 4. d4 Nf6 5. 0-0 0-0 6. c4 c6 7. Qb3 dxc4 8. Qxc4 Bf5 9. Nc3 Ne4 10. Ne5 Nxc3 11. bxc3 Nd7 12. Nxd7 Qxd7 13. Ba3 Rfe8 14. e4 Be6 15. Qe2 b5 16. Rfd1 Bc4 17. Qe3 e6 18. h4 h5 19. Rd2 Kh7 20. Bc5 a5 21. Bf1 Bxf1 22. Rxf1 Qc7 23. f4 Kg8 24. a3 Qd7 25. Re2 f5 26. Rfe1 fxe4 27. Qxe4 Kf7 28. Rf2 Qd5 29. Qc2 Qf5 30. Re4 Bf6 31. Kg2 Qd5 32. Rf3 Rab8 33. Re5 Qd7 34. Rxh5 Kg7 35. Re5 Bxe5 36. fxe5 Rg8 37. Rf6 Qe8 1-0

[Event "Oberliga Baden 2223"]
[Site "Germany"]
[Date "2022.11.27"]
[Round "4.4"]
[White "Plaul, Eckart"]
[Black "Raupp, Thomas"]
[Result "0-1"]
[WhiteElo "2085"]
[BlackElo "2311"]
[PlyCount "68"]
[EventDate "2022.09.18"]
[EventType "team-tourn"]
[EventRounds "9"]
[EventCountry "GER"]
[SourceTitle "EXT 2024"]
[Source "ChessBase"]
[SourceDate "2023.10.10"]
[SourceVersion "1"]
[SourceVersionDate "2023.10.10"]
[SourceQuality "1"]
[WhiteTeam "Sasbach"]
[BlackTeam "Untergrombach"]
[WhiteTeamCountry "GER"]
[BlackTeamCountry "GER"]

1. d4 d5 2. c4 dxc4 3. e3 Nf6 4. Bxc4 e6 5. Nf3 c5 6. 0-0 a6 7. Nbd2 b6 8. e4 Bb7 9. e5 Nd5 10. dxc5 Bxc5 11. Ne4 Be7 12. Qe2 0-0 13. Rd1 Nd7 14. Bd2 Qb8 15. Ng3 Rd8 16. a3 Nf8 17. h4 Rd7 18. h5 h6 19. Ne4 Qd8 20. Rac1 b5 21. Ba2 Rc8 22. Bb1 Rxc1 23. Rxc1 Qb6 24. b4 Rc7 25. Qd3 Rxc1+ 26. Bxc1 Qc6 27. Bd2 Nb6 28. Nd4 Qd5 29. f4 Nc4 30. Bc1 a5 31. Nb3 axb4 32. axb4 Bxb4 33. Qxd5 Bxd5 34. Nec5 Na5 0-1

[Event "Oberliga Baden 2122"]
[Site "Germany"]
[Date "2022.06.18"]
[Round "6.8"]
[White "Raupp, Thomas"]
[Black "Schwingen, Dominik"]
[Result "1-0"]
[WhiteElo "2286"]
[BlackElo "1923"]
[PlyCount "89"]
[EventDate "2021.10.10"]
[EventType "team-tourn"]
[EventRounds "11"]
[EventCountry "GER"]
[SourceTitle "EXT 2023"]
[Source "ChessBase"]
[SourceDate "2022.10.05"]
[SourceVersion "1"]
[SourceVersionDate "2022.10.05"]
[SourceQuality "1"]
[WhiteTeam "Untergrombach"]
[BlackTeam "Ettlingen"]
[WhiteTeamCountry "GER"]
[BlackTeamCountry "GER"]

1. d4 e6 2. c4 d5 3. Nc3 Nf6 4. cxd5 exd5 5. Bg5 Be7 6. e3 0-0 7. Bd3 Be6 8. Nge2 c5 9. dxc5 Bxc5 10. 0-0 Nc6 11. Rc1 Bd6 12. h3 Ne5 13. Nd4 Re8 14. Bb5 Ned7 15. Bxf6 Qxf6 16. Nxe6 Qxe6 17. Qxd5 Nf6 18. Qxe6 Rxe6 19. Be2 Be5 20. Bf3 Rb8 21. Rfd1 g5 22. b3 Kg7 23. Nb5 Ra6 24. Rc2 h5 25. g4 hxg4 26. hxg4 Kf8 27. Rdd2 Ke7 28. Rc5 Ke6 29. Bd5+ Nxd5 30. Rdxd5 f6 31. Rxe5+ fxe5 32. Nc7+ Kd6 33. Nxa6 bxa6 34. Ra5 Rb6 35. Kg2 Ke6 36. Kf3 Kf6 37. Ke4 Re6 38. f3 Rb6 39. Kd5 Re6 40. Ra4 Rb6 41. Rc4 Rb5+ 42. Ke4 Rb6 43. Rc5 Rb4+ 44. Kd5 Rb6 45. e4 1-0

[Event "Bodensee op"]
[Site "Bregenz"]
[Date "2022.05.22"]
[Round "2"]
[White "Semling, Johannes"]
[Black "Raupp, Thomas"]
[Result "0-1"]
[WhiteElo "1791"]
[BlackElo "2283"]
[PlyCount "56"]
[EventDate "2022.05.21"]
[EventType "swiss"]
[EventRounds "9"]
[EventCountry "AUT"]
[SourceTitle "CBM 208 Extra"]
[Source "ChessBase"]
[SourceDate "2022.07.31"]
[SourceVersion "1"]
[SourceVersionDate "2022.07.31"]
[SourceQuality "1"]

1. e4 c5 2. Ne2 Nc6 3. Nbc3 e6 4. d4 cxd4 5. Nxd4 Qc7 6. Be3 a6 7. Be2 Nf6 8. 0-0 Bb4 9. Na4 Be7 10. Nxc6 bxc6 11. Bf3 Rb8 12. c4 c5 13. Qd2 d6 14. Rad1 Nd7 15. g3 0-0 16. Be2 Bb7 17. Nc3 Bc6 18. f4 Qb7 19. Rb1 Bxe4 20. Nxe4 Qxe4 21. Bd3 Qc6 22. Qc2 g6 23. g4 f5 24. Rf2 Nf6 25. Rg2 Nxg4 26. Bd2 Bf6 27. b3 Bd4+ 28. Kf1 Qf3+ 0-1

[Event "Oberliga Baden 2122"]
[Site "Germany"]
[Date "2022.04.09"]
[Round "10.6"]
[White "Mohebbi, Jaffar"]
[Black "Raupp, Thomas"]
[Result "1/2-1/2"]
[WhiteElo "2233"]
[BlackElo "2286"]
[PlyCount "74"]
[EventDate "2021.10.10"]
[EventType "team-tourn"]
[EventRounds "11"]
[EventCountry "GER"]
[SourceTitle "EXT 2023"]
[Source "ChessBase"]
[SourceDate "2022.10.05"]
[SourceVersion "1"]
[SourceVersionDate "2022.10.05"]
[SourceQuality "1"]
[WhiteTeam "Baden-Baden III"]
[BlackTeam "Untergrombach"]
[WhiteTeamCountry "GER"]
[BlackTeamCountry "GER"]

1. d4 d5 2. Nf3 Nf6 3. c4 dxc4 4. g3 a6 5. Bg2 e6 6. 0-0 b5 7. Ne5 c6 8. Nxc6 Qb6 9. Nxb8 Rxb8 10. e4 Bb7 11. d5 Rd8 12. Qe2 Bc5 13. a4 0-0 14. axb5 axb5 15. Bd2 Ra8 16. Nc3 exd5 17. Nxd5 Nxd5 18. exd5 Rae8 19. Qg4 f5 20. Qf4 Bd6 21. Be3 Bxf4 22. Bxb6 Be5 23. Ra7 Rb8 24. Re1 Bxb2 25. Bc7 c3 26. Bxb8 Rxb8 27. Re2 b4 28. Ra2 Rc8 29. d6 Be4 30. d7 Rd8 31. Bxe4 fxe4 32. Raxb2 cxb2 33. Rxb2 Rxd7 34. Rxb4 Rd1+ 35. Kg2 Re1 36. Rb7 Kf8 37. g4 e3 1/2-1/2

[Event "Oberliga Baden 2122"]
[Site "Germany"]
[Date "2021.11.14"]
[Round "3.7"]
[White "Raupp, Thomas"]
[Black "Paul, Mathias1111"]
[Result "1-0"]
[WhiteElo "2286"]
[BlackElo "2066"]
[PlyCount "59"]
[EventDate "2021.10.10"]
[EventType "team-tourn"]
[EventRounds "11"]
[EventCountry "GER"]
[SourceTitle "EXT 2023"]
[Source "ChessBase"]
[SourceDate "2022.10.05"]
[SourceVersion "1"]
[SourceVersionDate "2022.10.05"]
[SourceQuality "1"]
[WhiteTeam "Untergrombach"]
[BlackTeam "Brombach"]
[WhiteTeamCountry "GER"]
[BlackTeamCountry "GER"]

1. d4 Nf6 2. c4 g6 3. Nc3 Bg7 4. e4 d6 5. Nf3 0-0 6. Be2 e5 7. 0-0 Nc6 8. d5 Ne7 9. Nd2 a5 10. a3 Bd7 11. b3 c6 12. Rb1 Ne8 13. b4 axb4 14. axb4 cxd5 15. cxd5 f5 16. Nc4 Nc8 17. b5 Nf6 18. f3 Rf7 19. exf5 gxf5 20. f4 e4 21. Be3 Ng4 22. Bd4 e3 23. Bxg4 fxg4 24. Nxe3 Ra3 25. Rc1 Qe8 26. Nc4 Ra8 27. Re1 Qf8 28. g3 h5 29. Ne4 Bxb5 30. Ng5 1-0

[Event "Bayern-chI Bank Hofmann 24th"]
[Site "Tegernsee"]
[Date "2021.11.06"]
[Round "8"]
[White "Raupp, Thomas"]
[Black "Heigermoser, Robert"]
[Result "1-0"]
[WhiteElo "2256"]
[BlackElo "2088"]
[PlyCount "81"]
[EventDate "2021.10.30"]
[EventType "swiss"]
[EventRounds "9"]
[EventCountry "GER"]
[SourceTitle "CBM 205 Extra"]
[Source "ChessBase"]
[SourceDate "2022.01.31"]
[SourceVersion "1"]
[SourceVersionDate "2022.01.31"]
[SourceQuality "1"]

1. d4 Nf6 2. c4 g6 3. Nc3 Bg7 4. e4 d6 5. Nf3 0-0 6. Be2 e5 7. 0-0 exd4 8. Nxd4 Re8 9. f3 c6 10. Nc2 Na6 11. Kh1 Nc7 12. Bg5 h6 13. Bf4 d5 14. cxd5 cxd5 15. Qd2 g5 16. Bxc7 Qxc7 17. exd5 a6 18. Rfd1 Bd7 19. Rac1 Rad8 20. Ne3 Qb6 21. Nc4 Qc5 22. a3 Bc6 23. d6 Re6 24. b4 Qf2 25. Bd3 Qh4 26. Ne3 Rexd6 27. Qe2 Qf4 28. Bb1 g4 29. fxg4 Rxd1+ 30. Ncxd1 Re8 31. Rc4 Qe5 32. Qd2 Nd5 33. Re4 Qb8 34. Nxd5 Bxd5 35. Qxd5 Rd8 36. Qb3 Qd6 37. Re1 Qd2 38. Rf1 Rd7 39. Qc2 Qd4 40. Ne3 Qxe3 41. Qc8+ 1-0

[Event "Bayern-chI Bank Hofmann 24th"]
[Site "Tegernsee"]
[Date "2021.11.05"]
[Round "7"]
[White "Rosner, Jonas"]
[Black "Raupp, Thomas"]
[Result "1-0"]
[WhiteElo "2457"]
[BlackElo "2256"]
[PlyCount "80"]
[EventDate "2021.10.30"]
[EventType "swiss"]
[EventRounds "9"]
[EventCountry "GER"]
[SourceTitle "CBM 205 Extra"]
[Source "ChessBase"]
[SourceDate "2022.01.31"]
[SourceVersion "1"]
[SourceVersionDate "2022.01.31"]
[SourceQuality "1"]

1. c4 e6 2. Nf3 d5 3. e3 Nf6 4. Nc3 Be7 5. b3 0-0 6. Bb2 c5 7. cxd5 Nxd5 8. h4 Nxc3 9. Bxc3 Bf6 10. Qc2 Bxc3 11. dxc3 Nd7 12. Bd3 f5 13. 0-0-0 Qf6 14. e4 Nb6 15. Rhe1 Bd7 16. exf5 exf5 17. Ne5 Rad8 18. g3 Bc8 19. f4 Be6 20. Kb2 c4 21. Bxc4 Bxc4 22. bxc4 Rc8 23. c5 Rxc5 24. Qb3+ Kh8 25. Nf7+ Rxf7 26. Re6 Nc4+ 27. Ka1 h6 28. Rxf6 gxf6 29. Qa4 b5 30. Qc2 Kg7 31. Qd3 Nb6 32. h5 Rd7 33. Qe2 Rxd1+ 34. Qxd1 Rxc3 35. Qd8 Na4 36. Qe7+ Kg8 37. Qe8+ Kg7 38. Qg6+ Kf8 39. Qxf6+ Ke8 40. Qe5+ Kd8 1-0

[Event "Oberliga Baden 1920"]
[Site "Baden"]
[Date "2020.03.01"]
[Round "7.6"]
[White "Wielsch, Klaus"]
[Black "Raupp, Thomas"]
[Result "1/2-1/2"]
[WhiteElo "2138"]
[BlackElo "2311"]
[PlyCount "81"]
[EventDate "2019.09.29"]
[EventType "team-tourn"]
[EventRounds "9"]
[EventCountry "GER"]
[SourceTitle "CBM 195 Extra"]
[Source "ChessBase"]
[SourceDate "2020.05.31"]
[SourceVersion "1"]
[SourceVersionDate "2020.05.31"]
[SourceQuality "1"]
[WhiteTeam "Brombach"]
[BlackTeam "Untergrombach"]
[WhiteTeamCountry "GER"]
[BlackTeamCountry "GER"]

1. d4 d5 2. c4 dxc4 3. e3 Nf6 4. Bxc4 e6 5. Nf3 c5 6. 0-0 a6 7. a4 Nc6 8. Nc3 cxd4 9. exd4 Be7 10. h3 0-0 11. Bf4 Nb4 12. Qb3 b6 13. Rfd1 Bb7 14. Ne5 Nbd5 15. Nxd5 Nxd5 16. Bg3 Rc8 17. Rac1 Bg5 18. Rc2 Qe7 19. Nf3 Bf4 20. Bxf4 Nxf4 21. Rc3 Qd6 22. Bf1 Rc7 23. g3 Rxc3 24. Qxc3 Rc8 25. Qb3 Qd5 26. Qxd5 Nxd5 27. Ne5 Rc2 28. Nc4 Nb4 29. Nxb6 Bf3 30. Re1 g6 31. b3 Rd2 32. Re3 Bc6 33. Rc3 Be4 34. Re3 Rxd4 35. a5 Nc6 36. f3 Bb1 37. Bxa6 Nxa5 38. Nc4 Nc6 39. Bb5 Nb4 40. Na3 Rd1+ 41. Kf2 1/2-1/2

[Event "Oberliga Baden 1920"]
[Site "Baden"]
[Date "2020.02.09"]
[Round "6.6"]
[White "Raupp, Thomas"]
[Black "Lutz, Andreas"]
[Result "1-0"]
[WhiteElo "2311"]
[BlackElo "2056"]
[PlyCount "49"]
[EventDate "2019.09.29"]
[EventType "team-tourn"]
[EventRounds "9"]
[EventCountry "GER"]
[SourceTitle "CBM 195 Extra"]
[Source "ChessBase"]
[SourceDate "2020.05.31"]
[SourceVersion "1"]
[SourceVersionDate "2020.05.31"]
[SourceQuality "1"]
[WhiteTeam "Untergrombach"]
[BlackTeam "Dreilaendereck"]
[WhiteTeamCountry "GER"]
[BlackTeamCountry "GER"]

1. d4 Nf6 2. c4 e6 3. Nc3 Bb4 4. Qc2 0-0 5. a3 Bxc3+ 6. Qxc3 Ne4 7. Qc2 f5 8. Nh3 b6 9. f3 Nf6 10. e3 Bb7 11. Bd3 Nc6 12. 0-0 Nh5 13. b4 Qh4 14. Bb2 Ne7 15. Rae1 Bxf3 16. Nf4 Bb7 17. d5 exd5 18. Nxd5 Nxd5 19. cxd5 Bxd5 20. Bxf5 Nf6 21. Qxc7 Ng4 22. e4 Rae8 23. Bxg4 Qxg4 24. Rxf8+ Rxf8 25. exd5 1-0

[Event "Oberliga Baden 1920"]
[Site "Baden"]
[Date "2020.01.19"]
[Round "5.6"]
[White "Mader, Manuela"]
[Black "Raupp, Thomas"]
[Result "1-0"]
[WhiteElo "2190"]
[BlackElo "2311"]
[PlyCount "79"]
[EventDate "2019.09.29"]
[EventType "team-tourn"]
[EventRounds "9"]
[EventCountry "GER"]
[SourceTitle "CBM 195 Extra"]
[Source "ChessBase"]
[SourceDate "2020.05.31"]
[SourceVersion "1"]
[SourceVersionDate "2020.05.31"]
[SourceQuality "1"]
[WhiteTeam "Ettlingen"]
[BlackTeam "Untergrombach"]
[WhiteTeamCountry "GER"]
[BlackTeamCountry "GER"]

1. e4 c5 2. c3 Nf6 3. e5 Nd5 4. Nf3 Nc6 5. Bc4 Nb6 6. Bb3 c4 7. Bc2 Qc7 8. Qe2 g5 9. h3 Bg7 10. 0-0 h6 11. Re1 d6 12. exd6 Qxd6 13. b3 Be6 14. Na3 Nd5 15. Nxc4 Qc7 16. Ne3 Nf4 17. Qf1 Bf6 18. d4 h5 19. Nd2 g4 20. Ne4 0-0-0 21. Nxf6 exf6 22. h4 Kb8 23. Be4 Ne7 24. Ba3 f5 25. Bxe7 Qxe7 26. Nxf5 Bxf5 27. Bxf5 Qxh4 28. Qb5 Rd5 29. Re8+ Rxe8 30. Qxe8+ Qd8 31. Qe4 Qd6 32. Re1 a6 33. Qe8+ Ka7 34. Be4 Rb5 35. Qxf7 h4 36. c4 Rb4 37. c5 Qxd4 38. Qxf4 g3 39. Qe3 gxf2+ 40. Qxf2 1-0

[Event "Bayern-chI Bank Hofmann 23rd"]
[Site "Tegernsee"]
[Date "2019.11.03"]
[Round "9"]
[White "Doehler, Tobias"]
[Black "Raupp, Thomas"]
[Result "0-1"]
[WhiteElo "2041"]
[BlackElo "2259"]
[PlyCount "90"]
[EventDate "2019.10.26"]
[EventType "swiss"]
[EventRounds "9"]
[EventCountry "GER"]
[SourceTitle "CBM 192 Extra"]
[Source "Chessbase"]
[SourceDate "2019.11.06"]
[SourceVersion "1"]
[SourceVersionDate "2019.11.06"]
[SourceQuality "1"]

1. d4 Nf6 2. Nf3 e6 3. Bf4 c5 4. e3 b6 5. Nbd2 cxd4 6. exd4 Bb7 7. Bd3 Be7 8. 0-0 0-0 9. h3 d6 10. Bh2 Re8 11. Re1 Nbd7 12. a4 a6 13. a5 b5 14. c4 bxc4 15. Nxc4 Qb8 16. Nfd2 Qa7 17. Nf3 Bxf3 18. Qxf3 d5 19. Ne5 Rec8 20. Qe3 Nxe5 21. Bxe5 Nd7 22. Bf4 Bf6 23. Ra4 Rc6 24. Bb1 g6 25. Bg5 Bg7 26. Bh6 Qb7 27. Bxg7 Kxg7 28. Ra2 Qb4 29. Kh2 Rb8 30. Re2 Rb5 31. Qd2 Qd6+ 32. g3 Rb4 33. Ra3 Rc8 34. Kg2 Nb8 35. Qd3 Rcc4 36. h4 h5 37. Rb3 Nc6 38. Rxb4 Qxb4 39. Ba2 Rxd4 40. Qxa6 Nxa5 41. Qa7 Nc4 42. Qd7 Re4 43. Rc2 Ne5 44. Qe8 Re1 45. f3 Qd4 0-1

[Event "Bayern-chI Bank Hofmann 23rd"]
[Site "Tegernsee"]
[Date "2019.11.02"]
[Round "8"]
[White "Raupp, Thomas"]
[Black "Bellia, Fabrizio"]
[Result "0-1"]
[WhiteElo "2259"]
[BlackElo "2433"]
[PlyCount "62"]
[EventDate "2019.10.26"]
[EventType "swiss"]
[EventRounds "9"]
[EventCountry "GER"]
[SourceTitle "CBM 192 Extra"]
[Source "Chessbase"]
[SourceDate "2019.11.06"]
[SourceVersion "1"]
[SourceVersionDate "2019.11.06"]
[SourceQuality "1"]

1. d4 Nf6 2. c4 e6 3. Nc3 Bb4 4. Qc2 0-0 5. a3 Bxc3+ 6. Qxc3 d6 7. Bg5 Nbd7 8. Nf3 b6 9. Nd2 Bb7 10. f3 Rc8 11. e4 c5 12. Bd3 h6 13. Bh4 cxd4 14. Qxd4 Nc5 15. Be2 e5 16. Qf2 Ne6 17. 0-0 g5 18. Bg3 Nh5 19. Rfd1 Nhf4 20. Bf1 Nd4 21. Rac1 f5 22. exf5 Rxf5 23. Qe3 Qf8 24. Ne4 Rc7 25. Nc3 Rcf7 26. Rxd4 exd4 27. Qxd4 g4 28. Ne4 gxf3 29. gxf3 Bxe4 30. fxe4 Ne6 31. Qd3 Rf3 0-1

[Event "Oberliga Baden 1819"]
[Site "Baden"]
[Date "2019.03.24"]
[Round "8.7"]
[White "Raupp, Thomas"]
[Black "Xheladini, Mahmut"]
[Result "1-0"]
[WhiteElo "2291"]
[BlackElo "2191"]
[PlyCount "101"]
[EventDate "2018.10.21"]
[EventType "team-tourn"]
[EventRounds "9"]
[EventCountry "GER"]
[SourceTitle "EXT 2020"]
[Source "ChessBase"]
[SourceDate "2019.10.17"]
[SourceVersion "1"]
[SourceVersionDate "2019.10.17"]
[SourceQuality "1"]
[WhiteTeam "Untergrombach"]
[BlackTeam "Dreilaendereck"]
[WhiteTeamCountry "GER"]
[BlackTeamCountry "GER"]

1. d4 d6 2. c4 Nf6 3. Nc3 Bf5 4. g3 Qd7 5. Bg2 Nc6 6. e4 Bg6 7. Nge2 e5 8. d5 Na5 9. Qd3 c5 10. Bd2 b6 11. h4 a6 12. b3 Rb8 13. f3 Qc7 14. Rb1 Be7 15. Bh3 0-0 16. a4 Rb7 17. Kf1 Rfb8 18. Kg2 Qd8 19. Nc1 Ne8 20. Qe2 Nc7 21. Nd1 h6 22. Ne3 Ra7 23. Nd3 Ne8 24. b4 cxb4 25. Rxb4 Nc7 26. Rhb1 Na8 27. R4b2 Nb7 28. a5 Nc5 29. axb6 Nxb6 30. Nxc5 dxc5 31. Ba5 Rab7 32. Rb3 Qd6 33. Qa2 Bd8 34. Bc3 Ra7 35. Ra3 Rba8 36. Qb2 Nd7 37. Bxd7 Qxd7 38. Bxe5 Bc7 39. Bxc7 Qxc7 40. Qb6 Qe7 41. d6 Qe5 42. Rd1 Qf6 43. Nd5 Qe5 44. Ne7+ Kh7 45. Nxg6 fxg6 46. d7 Rd8 47. Qxd8 Qb2+ 48. Kh3 Qxa3 49. Qf8 Rxd7 50. Rxd7 Qa1 51. Rd8 1-0

[Event "Oberliga Baden 1819"]
[Site "Baden"]
[Date "2019.02.03"]
[Round "6.7"]
[White "Raupp, Thomas"]
[Black "Guenthner, Oliver"]
[Result "1-0"]
[WhiteElo "2291"]
[BlackElo "2193"]
[PlyCount "101"]
[EventDate "2018.10.21"]
[EventType "team-tourn"]
[EventRounds "9"]
[EventCountry "GER"]
[SourceTitle "EXT 2020"]
[Source "ChessBase"]
[SourceDate "2019.10.17"]
[SourceVersion "1"]
[SourceVersionDate "2019.10.17"]
[SourceQuality "1"]
[WhiteTeam "Untergrombach"]
[BlackTeam "Hockenheim II"]
[WhiteTeamCountry "GER"]
[BlackTeamCountry "GER"]

1. d4 c5 2. d5 Nf6 3. Nc3 g6 4. e4 d6 5. Bb5+ Nbd7 6. a4 a6 7. Be2 Bg7 8. Nf3 Qc7 9. 0-0 0-0 10. h3 Re8 11. Re1 Rb8 12. Bf1 h6 13. Bf4 Ne5 14. Nxe5 dxe5 15. Be3 b6 16. Bc4 Rd8 17. Qe2 Ra8 18. Rab1 Qd6 19. f3 g5 20. Qf2 a5 21. Nb5 Qb8 22. Na3 Nh5 23. Bf1 Nf4 24. g3 Nh5 25. Kh2 Bf6 26. Bb5 Bd7 27. Bxd7 Rxd7 28. Nc4 Bg7 29. Red1 Qc7 30. Rd3 Nf6 31. Rbd1 Rad8 32. Rb3 Rb8 33. Qe2 Ne8 34. Bd2 Nd6 35. Bc3 Nxc4 36. Qxc4 Rd6 37. Be1 Rg6 38. Rbd3 Rd8 39. c3 Qa7 40. Bf2 Qd7 41. Kg2 Ra8 42. Be3 Bf8 43. R3d2 Bg7 44. Ra1 Rd6 45. g4 e6 46. Rad1 exd5 47. Rxd5 Rxd5 48. Qxd5 Qxd5 49. Rxd5 Kf8 50. Rd6 Rb8 51. Rxb6 1-0

[Event "GER Seniors Derby 17th"]
[Site "Wesel Undeloh"]
[Date "2018.03.15"]
[Round "1"]
[White "Michalek, Barbara"]
[Black "Raupp, Thomas"]
[Result "0-1"]
[WhiteElo "1933"]
[BlackElo "2271"]
[PlyCount "102"]
[EventDate "2018.03.15"]
[EventType "swiss"]
[EventRounds "7"]
[EventCountry "GER"]
[SourceTitle "EXT 2019"]
[Source "ChessBase"]
[SourceDate "2018.10.10"]
[SourceVersion "1"]
[SourceVersionDate "2018.10.10"]
[SourceQuality "1"]

1. d4 d5 2. c4 dxc4 3. Nc3 c5 4. e3 e6 5. Bxc4 Nf6 6. Nf3 a6 7. a4 Nc6 8. 0-0 cxd4 9. exd4 Be7 10. Be3 0-0 11. Qe2 Nb4 12. Rfd1 b6 13. Ne5 Bb7 14. Rac1 Nfd5 15. Nd3 Ra7 16. Nxb4 Bxb4 17. Nxd5 Bxd5 18. Bxd5 Qxd5 19. Qc4 a5 20. Qxd5 exd5 21. Rc6 Rb7 22. Rdc1 f6 23. Rc7 Rf7 24. Rc8+ Rf8 25. Bf4 b5 26. axb5 Rxb5 27. Kf1 h5 28. Ke2 g5 29. Be3 Bd6 30. Rxf8+ Kxf8 31. Rc2 Ke7 32. h3 g4 33. hxg4 hxg4 34. Bd2 a4 35. Kd3 Rb3+ 36. Bc3 Ke6 37. Re2+ Kf5 38. Kc2 Rb8 39. Re1 Rh8 40. Kd3 Rh2 41. Rg1 Ke6 42. Ke3 f5 43. g3 f4+ 44. gxf4 Kf5 45. Rf1 Bxf4+ 46. Kd3 Rh3+ 47. Ke2 a3 48. f3 Rh2+ 49. Kd3 g3 50. bxa3 Ra2 51. Rg1 g2 0-1

[Event "Verbandsliga Nordbaden 1617"]
[Site "Baden"]
[Date "2017.01.29"]
[Round "5.1"]
[White "Raupp, Thomas"]
[Black "Reinhardt, Bernd"]
[Result "1/2-1/2"]
[WhiteElo "2311"]
[BlackElo "2247"]
[PlyCount "37"]
[EventDate "2016.10.09"]
[EventType "team-tourn"]
[EventRounds "9"]
[EventCountry "GER"]
[SourceTitle "EXT 2022"]
[Source "ChessBase"]
[SourceDate "2021.10.06"]
[SourceVersion "1"]
[SourceVersionDate "2021.10.06"]
[SourceQuality "1"]
[WhiteTeam "Eppingen II"]
[BlackTeam "Buchen II"]
[WhiteTeamCountry "GER"]
[BlackTeamCountry "GER"]

1. d4 d6 2. c4 Nf6 3. Nc3 Nbd7 4. e4 e5 5. Nf3 Be7 6. Be2 0-0 7. 0-0 c6 8. Re1 Re8 9. Rb1 a5 10. Bf1 Qc7 11. a3 Nf8 12. d5 Bg4 13. h3 Bh5 14. Be3 N8d7 15. g4 Bg6 16. Nd2 h5 17. f3 Nh7 18. Qe2 hxg4 19. hxg4 1/2-1/2

[Event "Verbandsliga Nordbaden 1617"]
[Site "Baden"]
[Date "2016.10.09"]
[Round "1.1"]
[White "Raupp, Thomas"]
[Black "Gasthofer, Viktor"]
[Result "0-1"]
[WhiteElo "2311"]
[BlackElo "2307"]
[PlyCount "84"]
[EventDate "2016.10.09"]
[EventType "team-tourn"]
[EventRounds "9"]
[EventCountry "GER"]
[SourceTitle "EXT 2022"]
[Source "ChessBase"]
[SourceDate "2021.10.06"]
[SourceVersion "1"]
[SourceVersionDate "2021.10.06"]
[SourceQuality "1"]
[WhiteTeam "Eppingen II"]
[BlackTeam "Bad Mergentheim II"]
[WhiteTeamCountry "GER"]
[BlackTeamCountry "GER"]

1. d4 e6 2. c4 d5 3. Nc3 Nf6 4. cxd5 exd5 5. Bg5 c6 6. e3 Bf5 7. Qf3 Bg6 8. Bxf6 Qxf6 9. Qxf6 gxf6 10. Nf3 Nd7 11. Nh4 Be7 12. Ne2 Nb6 13. Ng3 Nc8 14. Nhf5 Bxf5 15. Nxf5 Nd6 16. Ng3 Kd7 17. Bd3 Ke6 18. 0-0 f5 19. f3 Bh4 20. Nh5 Rhg8 21. g3 Rae8 22. Rae1 Kd7 23. Re2 Bd8 24. Rfe1 Re6 25. Nf4 Ree8 26. Kf2 Bg5 27. Ng2 Bf6 28. Bc2 h6 29. Nf4 Bd8 30. Nd3 Bf6 31. Nc5+ Kc7 32. Bd3 f4 33. Nb3 fxe3+ 34. Rxe3 Rxe3 35. Rxe3 b6 36. Re2 a5 37. a4 b5 38. axb5 a4 39. Na5 Bxd4+ 40. Kg2 cxb5 41. Rc2+ Kd7 42. Nc6 Bxb2 0-1

[Event "Verbandsliga Nordbaden 1516"]
[Site "Baden"]
[Date "2015.11.22"]
[Round "3.1"]
[White "Pyvovar, Igor"]
[Black "Raupp, Thomas"]
[Result "0-1"]
[WhiteElo "2168"]
[BlackElo "2311"]
[PlyCount "110"]
[EventDate "2015.09.27"]
[EventType "team-tourn"]
[EventRounds "9"]
[EventCountry "GER"]
[SourceTitle "EXT 2022"]
[Source "ChessBase"]
[SourceDate "2021.10.06"]
[SourceVersion "1"]
[SourceVersionDate "2021.10.06"]
[SourceQuality "1"]
[WhiteTeam "Ettlingen II"]
[BlackTeam "Eppingen II"]
[WhiteTeamCountry "GER"]
[BlackTeamCountry "GER"]

1. d4 d5 2. Bf4 Nf6 3. Nf3 e6 4. e3 Be7 5. Bd3 b6 6. 0-0 0-0 7. Qe2 Bb7 8. Nbd2 Ne4 9. h3 Nd7 10. Ba6 Bxa6 11. Qxa6 Nxd2 12. Nxd2 c5 13. c3 Qc8 14. Qe2 Qb7 15. Bh2 b5 16. a3 a5 17. Rfc1 Rfc8 18. f3 Ra6 19. Bg3 Rac6 20. Nb3 Qb6 21. Bf2 a4 22. Nd2 cxd4 23. exd4 Qa6 24. f4 Bd6 25. Be3 Nb6 26. Nf3 R6c7 27. Ne5 f6 28. Nd3 Nc4 29. Bf2 Re7 30. Rf1 Qc6 31. Bh4 Ree8 32. Qf2 Qd7 33. Kh1 Bf8 34. Rad1 Qc6 35. Qg3 Nd6 36. Qe1 Ne4 37. Nf2 Bd6 38. Nxe4 dxe4 39. f5 Qd5 40. fxe6 Rxe6 41. Bg3 e3 42. Rg1 e2 43. Rc1 Bxg3 44. Qxg3 Rce8 45. Rge1 Re3 46. Qh2 Qe4 47. Kg1 f5 48. Qc7 f4 49. Kh2 f3 50. Qg3 Rf8 51. Qf2 fxg2 52. Qxg2 Ref3 53. Qg4 Rf2+ 54. Kg1 Qe3 55. Kh1 Rf1+ 0-1

[Event "Dresden ZMD op"]
[Site "Dresden"]
[Date "2015.08.16"]
[Round "2"]
[White "Raupp, Thomas"]
[Black "Grigoriants, Sergey"]
[Result "0-1"]
[WhiteElo "2302"]
[BlackElo "2606"]
[PlyCount "106"]
[EventDate "2015.08.15"]
[EventType "swiss"]
[EventRounds "9"]
[EventCountry "GER"]
[SourceTitle "EXT 2016"]
[Source "ChessBase"]
[SourceDate "2015.10.08"]
[SourceVersion "1"]
[SourceVersionDate "2015.10.08"]
[SourceQuality "1"]

1. d4 Nf6 2. c4 g6 3. Nc3 d5 4. Nf3 Bg7 5. Qb3 dxc4 6. Qxc4 0-0 7. Bf4 c6 8. e4 b5 9. Qd3 Qa5 10. Be2 b4 11. Nd1 c5 12. d5 c4 13. Qxc4 Ba6 14. Bc7 Qa4 15. Qb3 Qxb3 16. axb3 Bxe2 17. Kxe2 Nxe4 18. Re1 Nd7 19. Ra4 Rfc8 20. Rxb4 Nxf2 21. Kxf2 Rxc7 22. Rc4 Rb7 23. Rxe7 Bf8 24. Re2 Nb6 25. Rc6 Nxd5 26. Rd2 Nf4 27. Rc4 Ne6 28. Rd3 Rab8 29. Nd2 Nc5 30. Rd5 Nxb3 31. Nxb3 Rxb3 32. Rd7 R3b7 33. Rxb7 Rxb7 34. Ke2 Bd6 35. h3 Be5 36. Rc2 f5 37. Kd3 Kf7 38. Nc3 Ke6 39. Re2 Rb4 40. Kc2 h5 41. Kd3 f4 42. Rc2 Rb3 43. Kc4 Rb7 44. Na4 Kf5 45. b4 Re7 46. Nc5 g5 47. Ra2 g4 48. hxg4+ hxg4 49. Nd3 Rc7+ 50. Nc5 f3 51. gxf3 gxf3 52. Kd3 Bg3 53. Ke3 f2 0-1